Online
Catalog

Cosas de Lílis. : (Record no. 48686)

MARC details
000 -CABECERA
campo de control de longitud fija 00774nam a2200205 a 4500
001 - NÚMERO DE CONTROL
campo de control 000049198
005 - FECHA Y HORA DE LA ÚLTIMA TRANSACCIÓN
campo de control 20240410073848.0
008 - DATOS DE LONGITUD FIJA--INFORMACIÓN GENERAL
campo de control de longitud fija 190726s1986 dr 000 spa d
040 ## - FUENTE DE LA CATALOGACIÓN
Centro catalogador/agencia de origen DO-SdBNP
Lengua de catalogación spa
Centro/agencia transcriptor BNPHU
082 ## - NÚMERO DE LA CLASIFICACIÓN DECIMAL DEWEY
Número de clasificación 972.9304
Número de documento/Ítem C355c
100 1# - ENTRADA PRINCIPAL--NOMBRE DE PERSONA
Nombre de persona Castro, Víctor M. de
Fechas asociadas al nombre 1872-1924
9 (RLIN) 58935
245 10 - MENCIÓN DE TÍTULO
Título Cosas de Lílis. :
Resto del título Víctor M. de Castro ; prólogo Américo Lugo.
260 ## - PUBLICACIÓN, DISTRIBUCIÓN, ETC.
Lugar de publicación, distribución, etc. Santo Domingo :
Nombre del editor, distribuidor, etc. Taller,
Fecha de publicación, distribución, etc. 1986.
300 ## - DESCRIPCIÓN FÍSICA
Extensión 112 p. ;
Dimensiones 21 cm.
590 ## - NOTA LOCAL (RLIN)
Nota local Inventariado, 2019 / DG
600 14 - PUNTO DE ACCESO ADICIONAL DE MATERIA--NOMBRE DE PERSONA
Nombre de persona HEUREAUX, ULISES
Fechas asociadas al nombre 1845-1895
Subdivisión de forma ANÉCDOTAS, CHISTES, SÁTIRAS. ETC.
9 (RLIN) 76510
650 #4 - PUNTO DE ACCESO ADICIONAL DE MATERIA--TÉRMINO DE MATERIA
Término de materia o nombre geográfico como elemento de entrada Presidentes
Subdivisión geográfica República Dominicana
Subdivisión general Biografías
9 (RLIN) 1790
651 #0 - PUNTO DE ACCESO ADICIONAL DE MATERIA--NOMBRE GEOGRÁFICO
Nombre geográfico República Dominicana --
Subdivisión general Historia --
Subdivisión cronológica 1844-1930
9 (RLIN) 1009
700 12 - PUNTO DE ACCESO ADICIONAL--NOMBRE DE PERSONA
Nombre de persona Lugo, Américo
Fechas asociadas al nombre 1870-1952
Término indicativo de función/relación pról.
9 (RLIN) 81550
Holdings
Estado de retiro Estado de pérdida No para préstamo Código de colección Localización permanente Ubicación/localización actual Ubicación en estantería Fecha de adquisición Número de inventario Total de préstamos Signatura topográfica completa Código de barras Fecha visto por última vez Precio válido a partir de Tipo de ítem Koha
      Patrimonio Dominicano Patrimonio Dominicano Patrimonio Dominicano Orden iniciada 26.07.2019 LF1   972.9304 C355c 49199-10 25.06.2020 25.06.2020 Libro y Folleto Colección Patrimonio Dominicano

Powered by Koha